[Event "SLO-chT2 West"]
[Site "Komenda"]
[Date "2022.11.26"]
[Round "5.6"]
[White "Grum, Andrej"]
[Black "Muri, Emil"]
[Result "1/2-1/2"]
[WhiteElo "1750"]
[BlackElo "1800"]
[PlyCount "55"]
[EventDate "2022.11.19"]
[EventType "team-tourn"]
[EventRounds "7"]
[EventCountry "SLO"]
[SourceTitle "EXT 2024"]
[Source "ChessBase"]
[SourceDate "2023.10.10"]
[SourceVersion "1"]
[SourceVersionDate "2023.10.10"]
[SourceQuality "1"]
[WhiteTeam "Trzin"]
[BlackTeam "Kranj Tomo Zupan II"]
[WhiteTeamCountry "SLO"]
[BlackTeamCountry "SLO"]

1. e4 d6 2. d4 Nf6 3. Bd3 e5 4. Ne2 Nc6 5. c3 Be7 6. Bg5 0-0 7. 0-0 h6 8. Be3 Ng4 9. d5 Nb8 10. h3 Nxe3 11. fxe3 Bg5 12. Rf3 Nd7 13. b4 Nf6 14. Ng3 g6 15. Na3 Nh7 16. Nc2 Bh4 17. Kh2 Ng5 18. Rf1 Bxg3+ 19. Kxg3 f5 20. exf5 Bxf5 21. Bxf5 Rxf5 22. Qg4 Qf6 23. Qc4 Qe7 24. h4 Nh7 25. Qg4 Qf6 26. Rxf5 Qxf5 27. Qxf5 gxf5 28. Rf1 1/2-1/2

[Event "SLO-chT2 West"]
[Site "Komenda"]
[Date "2018.11.24"]
[Round "5.6"]
[White "Cerne, Anton"]
[Black "Grum, Andrej"]
[Result "1/2-1/2"]
[WhiteElo "1703"]
[BlackElo "1764"]
[PlyCount "122"]
[EventDate "2018.11.10"]
[EventType "team-tourn"]
[EventRounds "7"]
[EventCountry "SLO"]
[SourceTitle "EXT 2020"]
[Source "ChessBase"]
[SourceDate "2019.10.17"]
[SourceVersion "1"]
[SourceVersionDate "2019.10.17"]
[SourceQuality "1"]
[WhiteTeam "Radovljica"]
[BlackTeam "Trzin"]
[WhiteTeamCountry "SLO"]
[BlackTeamCountry "SLO"]

1. d4 Nf6 2. c4 c5 3. e3 cxd4 4. exd4 d5 5. Nf3 e6 6. Bd3 dxc4 7. Bxc4 Qc7 8. Qc2 Bd6 9. Bg5 Nbd7 10. 0-0 h6 11. Bh4 0-0 12. Nbd2 a6 13. Rac1 b5 14. Bd3 Qxc2 15. Rxc2 Bb7 16. Bg3 Bxg3 17. hxg3 Nd5 18. a3 N7f6 19. Ne5 Rfd8 20. Nb3 Rac8 21. Nc5 Rc7 22. Rfc1 g6 23. Nf3 g5 24. Ne5 Nb6 25. Nxb7 Rxb7 26. Nc6 Rd6 27. Na5 Rbd7 28. Nb3 Nbd5 29. Nc5 Rc7 30. b4 Ne7 31. Rd2 Ned5 32. Re1 Kg7 33. Be2 Ne7 34. Rc1 Kg8 35. Rcd1 Nf5 36. Rd3 Ne7 37. Bf1 Ned5 38. Rf3 Kg7 39. Rc1 Rdc6 40. Rd1 Ne7 41. Rfd3 Rd6 42. Rc3 Ne4 43. Rcd3 Nf6 44. Rf3 Nf5 45. Rfd3 Ne7 46. Rc1 Rdc6 47. Rcd1 Rd6 48. Rf3 Ned5 49. Rfd3 Ne7 50. Rc3 Ned5 51. Rf3 Ne7 52. Rxf6 Nf5 53. Ne4 Rdd7 54. Rxf5 exf5 55. Nc5 Rd6 56. Be2 g4 57. f3 h5 58. Rc1 Re7 59. Bd3 Rxd4 60. Bxf5 Re2 61. Be4 Ra2 1/2-1/2

[Event "SLO-chT2 West"]
[Site "Komenda"]
[Date "2018.11.24"]
[Round "6.5"]
[White "Hozjan, Erik"]
[Black "Grum, Andrej"]
[Result "1-0"]
[WhiteElo "1953"]
[BlackElo "1764"]
[PlyCount "75"]
[EventDate "2018.11.10"]
[EventType "team-tourn"]
[EventRounds "7"]
[EventCountry "SLO"]
[SourceTitle "EXT 2020"]
[Source "ChessBase"]
[SourceDate "2019.10.17"]
[SourceVersion "1"]
[SourceVersionDate "2019.10.17"]
[SourceQuality "1"]
[WhiteTeam "Posocje"]
[BlackTeam "Trzin"]
[WhiteTeamCountry "SLO"]
[BlackTeamCountry "SLO"]

1. e4 c5 2. Nc3 Nc6 3. Bb5 e5 4. d3 a6 5. Bxc6 bxc6 6. f4 exf4 7. Bxf4 Be7 8. Nf3 Nf6 9. 0-0 Qb6 10. Na4 Qa7 11. c4 0-0 12. e5 Ne8 13. Ng5 d5 14. Nc3 Nc7 15. Qh5 Bxg5 16. Bxg5 Be6 17. Be7 Rfc8 18. Rf4 Ne8 19. Rh4 h6 20. Bf6 Kf8 21. Bxg7+ Nxg7 22. Qxh6 Ke7 23. Qxg7 Rg8 24. Qf6+ Kd7 25. Rh7 Raf8 26. cxd5 cxd5 27. Nxd5 c4+ 28. Kh1 Qc5 29. Nf4 Bd5 30. dxc4 Bxc4 31. Rd1+ Kc8 32. Rh6 Kb8 33. b3 Be6 34. Nxe6 fxe6 35. Qxe6 Qf2 36. Qd6+ Ka7 37. Qxa6+ Kb8 38. Rb6+ 1-0

[Event "SLO-chT2 West"]
[Site "Slovenia"]
[Date "2015.11.07"]
[Round "6"]
[White "Grum, Andrej"]
[Black "Rolih, Miran"]
[Result "1/2-1/2"]
[WhiteElo "1779"]
[BlackElo "1954"]
[PlyCount "46"]
[EventDate "2015.10.17"]
[EventType "team-tourn"]
[EventRounds "7"]
[EventCountry "SLO"]
[SourceTitle "EXT 2019"]
[Source "ChessBase"]
[SourceDate "2018.10.10"]
[SourceVersion "1"]
[SourceVersionDate "2018.10.10"]
[SourceQuality "1"]
[WhiteTeam "Trzin"]
[BlackTeam "Ilirska Bistrica Rimex"]
[WhiteTeamCountry "SLO"]
[BlackTeamCountry "SLO"]

1. e4 c5 2. Nf3 d6 3. c4 g6 4. Nc3 Bg7 5. d4 cxd4 6. Nxd4 Nc6 7. Be3 Nf6 8. Be2 0-0 9. 0-0 Bd7 10. f4 Nxd4 11. Bxd4 Bc6 12. Bf3 Rc8 13. Rc1 a6 14. b3 Qa5 15. Qe1 Kh8 16. Qf2 Qc7 17. e5 Ne8 18. exd6 Qxd6 19. Bxg7+ Nxg7 20. Be4 Nh5 21. Rcd1 Qf6 22. Bxc6 Qxc6 23. Qd4+ Qf6 1/2-1/2

[Event "SLO-chT2 West"]
[Site "Ljubljana"]
[Date "2013.11.16"]
[Round "8.5"]
[White "Grum, Andrej"]
[Black "Bedic, Slavko"]
[Result "1-0"]
[WhiteElo "1692"]
[BlackElo "1971"]
[PlyCount "111"]
[EventDate "2013.11.08"]
[EventType "team"]
[EventRounds "9"]
[EventCountry "SLO"]
[SourceTitle "EXT 2015"]
[Source "ChessBase"]
[SourceDate "2014.11.20"]
[SourceVersion "1"]
[SourceVersionDate "2014.11.20"]
[SourceQuality "1"]
[WhiteTeam "Trzin"]
[BlackTeam "Stari Trg ob Kolpi"]
[WhiteTeamCountry "SLO"]
[BlackTeamCountry "SLO"]

1. e4 c5 2. Nf3 d6 3. c4 Nf6 4. Nc3 g6 5. d4 cxd4 6. Nxd4 Bg7 7. Be2 0-0 8. Be3 Nc6 9. 0-0 Bd7 10. Rc1 Rc8 11. b3 Ne5 12. h3 Re8 13. f4 Nc6 14. Bf3 Qa5 15. Qe1 Nh5 16. Nxc6 Bxc6 17. f5 Nf6 18. Qf2 Nd7 19. Qc2 Ne5 20. Be2 a6 21. a4 Nd7 22. Bd3 Nc5 23. Nd5 e6 24. fxe6 Rxe6 25. b4 Qxa4 26. bxc5 Qa3 27. Rf3 dxc5 28. Rcf1 Rf8 29. Kh1 Rd6 30. Rb1 Re8 31. Bf4 Rd7 32. Bc1 Qa5 33. Be3 Qa3 34. Bc1 Qa5 35. Bd2 Qd8 36. Bc3 Bxd5 37. exd5 Bh6 38. Bf6 Qa5 39. Qb2 Bf8 40. Rbf1 Bd6 41. Bh8 Bf8 42. h4 h5 43. Bf6 Bh6 44. Qc2 Kh7 45. Bg5 Re1 46. Qf2 Rxf1+ 47. Qxf1 Qc7 48. d6 Qxd6 49. Rxf7+ Bg7 50. Rxd7 Qxd7 51. Qf3 b6 52. Qxh5+ Kg8 53. Qxg6 Qg4 54. Qh7+ Kf8 55. Qf5+ Qxf5 56. Bxf5 1-0

[Event "SLO-chT2 West"]
[Site "Ljubljana"]
[Date "2013.11.08"]
[Round "1.4"]
[White "Djuric, Petar2222"]
[Black "Grum, Andrej"]
[Result "0-1"]
[WhiteElo "2000"]
[BlackElo "1692"]
[PlyCount "92"]
[EventDate "2013.11.08"]
[EventType "team"]
[EventRounds "9"]
[EventCountry "SLO"]
[SourceTitle "EXT 2015"]
[Source "ChessBase"]
[SourceDate "2014.11.20"]
[SourceVersion "1"]
[SourceVersionDate "2014.11.20"]
[SourceQuality "1"]
[WhiteTeam "Stari Mayr Kranj"]
[BlackTeam "Trzin"]
[WhiteTeamCountry "SLO"]
[BlackTeamCountry "SLO"]

1. f4 c5 2. Nf3 d5 3. g3 e6 4. Bg2 g6 5. 0-0 Bg7 6. d3 Nc6 7. Nc3 d4 8. Ne4 Qe7 9. Rb1 Nf6 10. Nxf6+ Bxf6 11. e4 dxe3 12. Bxe3 0-0 13. Qe2 Bd7 14. Qf2 b6 15. Ne5 Rac8 16. Nxd7 Qxd7 17. Rfd1 Nd4 18. g4 Bg7 19. c3 Nb5 20. Rd2 Rfd8 21. Rf1 Nd6 22. Rfd1 Qe7 23. a4 Qc7 24. Ra1 Rd7 25. h3 Qd8 26. a5 h6 27. axb6 axb6 28. Ra6 Kh7 29. Bf3 e5 30. Bg2 f5 31. fxe5 Bxe5 32. Re2 fxg4 33. hxg4 Rf7 34. Qe1 Bf6 35. Bf2 Ne8 36. Re6 Nc7 37. Ra7 Kg7 38. Rxb6 Qxd3 39. Bxc5 Re8 40. Qf1 Qg3 41. Bf2 Qf4 42. Rb4 Qd2 43. Re4 Rxe4 44. Bxe4 Be5 45. Ra5 Bg3 46. Bd4+ Kg8 0-1

[Event "SLO-chT Central Superliga 14th"]
[Site "Slovenia"]
[Date "2013.10.10"]
[Round "3.4"]
[White "Ursic, Aleksander"]
[Black "Grum, Andrej"]
[Result "1-0"]
[WhiteElo "1938"]
[BlackElo "1692"]
[PlyCount "65"]
[EventDate "2013.09.19"]
[EventType "team-tourn"]
[EventRounds "9"]
[EventCountry "SLO"]
[SourceTitle "EXT 2022"]
[Source "ChessBase"]
[SourceDate "2021.10.06"]
[SourceVersion "1"]
[SourceVersionDate "2021.10.06"]
[SourceQuality "1"]
[WhiteTeam "Srecko Kosovel"]
[BlackTeam "Trzin Buscotrade"]
[WhiteTeamCountry "SLO"]
[BlackTeamCountry "SLO"]

1. d4 Nf6 2. Nf3 e6 3. Bg5 Be7 4. e3 d5 5. Bd3 Nbd7 6. Nbd2 h6 7. Bf4 c5 8. c3 0-0 9. 0-0 Nh5 10. Re1 Nxf4 11. exf4 Qb6 12. Rb1 f5 13. Bf1 Bf6 14. Nb3 c4 15. Nbd2 Qd6 16. g3 b5 17. a3 a5 18. h4 Rb8 19. Re3 b4 20. axb4 axb4 21. Qe2 Re8 22. Bh3 bxc3 23. bxc3 Rxb1+ 24. Nxb1 Re7 25. Nbd2 Kf7 26. Ne5+ Bxe5 27. fxe5 Qb6 28. g4 fxg4 29. Qxg4 Nf8 30. Nf1 Qb1 31. Kg2 Qg6 32. Rf3+ Kg8 33. Rxf8+ 1-0

[Event "SLO-chT Central 1st League 12th"]
[Site "Slovenia"]
[Date "2011.10.27"]
[Round "7.4"]
[White "Koderman, Ivan"]
[Black "Grum, Andrej"]
[Result "0-1"]
[WhiteElo "1534"]
[BlackElo "1786"]
[PlyCount "27"]
[EventDate "2011.09.08"]
[EventType "team-tourn"]
[EventRounds "9"]
[EventCountry "SLO"]
[SourceTitle "EXT 2022"]
[Source "ChessBase"]
[SourceDate "2021.10.06"]
[SourceVersion "1"]
[SourceVersionDate "2021.10.06"]
[SourceQuality "1"]
[WhiteTeam "Zeleznicar"]
[BlackTeam "Trzin Buscotrade"]
[WhiteTeamCountry "SLO"]
[BlackTeamCountry "SLO"]

1. e4 c5 2. Nf3 a6 3. d4 cxd4 4. Nxd4 Nf6 5. Bd3 Nc6 6. Nxc6 bxc6 7. 0-0 e5 8. Nc3 Be7 9. f4 exf4 10. Rxf4 Bd6 11. Rf5 Qc7 12. h3 0-0 13. Rxf6 gxf6 14. Bh6 0-1

[Event "SLO-chT2 West"]
[Site "Slovenia"]
[Date "2010.11.07"]
[Round "4"]
[White "Grum, Andrej"]
[Black "Sajn, Simon"]
[Result "1/2-1/2"]
[WhiteElo "1789"]
[BlackElo "1925"]
[PlyCount "83"]
[EventDate "2010.11.05"]
[EventType "team-tourn"]
[EventRounds "9"]
[EventCountry "SLO"]
[SourceTitle "EXT 2022"]
[Source "ChessBase"]
[SourceDate "2021.10.06"]
[SourceVersion "1"]
[SourceVersionDate "2021.10.06"]
[SourceQuality "1"]

1. e4 c5 2. Nf3 d6 3. c4 Nc6 4. Nc3 g6 5. d4 cxd4 6. Nxd4 Bg7 7. Be3 Nf6 8. Be2 0-0 9. 0-0 Bd7 10. Qd2 Ng4 11. Bxg4 Bxg4 12. f3 Bd7 13. Nxc6 bxc6 14. Bd4 Qa5 15. Bxg7 Kxg7 16. Qd4+ f6 17. b3 Qb4 18. Qe3 Be6 19. f4 Bf7 20. e5 Qb6 21. exf6+ exf6 22. Qxb6 axb6 23. Rfe1 Rfe8 24. Kf2 f5 25. Rxe8 Rxe8 26. h4 Kf6 27. Rd1 Ke7 28. Re1+ Kd7 29. Rxe8 Bxe8 30. Ke3 Kc7 31. Ne2 c5 32. Nc3 Bc6 33. g3 Kb7 34. a4 Ka6 35. Kd2 Ka5 36. Kc2 Kb4 37. Kb2 Bf3 38. Na2+ Ka5 39. Nc3 Bc6 40. Kc2 Ka6 41. Kd3 Ka5 42. Kc2 1/2-1/2

[Event "SLO-chT Central 1st League 11th"]
[Site "Slovenia"]
[Date "2010.11.04"]
[Round "7.2"]
[White "Novakovic, Gosto"]
[Black "Grum, Andrej"]
[Result "1-0"]
[WhiteElo "1700"]
[BlackElo "1789"]
[PlyCount "120"]
[EventDate "2010.09.09"]
[EventType "team-tourn"]
[EventRounds "9"]
[EventCountry "SLO"]
[SourceTitle "EXT 2022"]
[Source "ChessBase"]
[SourceDate "2021.10.06"]
[SourceVersion "1"]
[SourceVersionDate "2021.10.06"]
[SourceQuality "1"]
[WhiteTeam "Zelenci LPP"]
[BlackTeam "Trzin Buscotrade"]
[WhiteTeamCountry "SLO"]
[BlackTeamCountry "SLO"]

1. e4 c5 2. Nf3 a6 3. Bc4 e6 4. a4 d5 5. exd5 exd5 6. Be2 Be6 7. d4 c4 8. 0-0 Be7 9. c3 Nf6 10. Ne5 0-0 11. Nd2 Nfd7 12. f4 Nxe5 13. dxe5 Nc6 14. Nf3 f6 15. Nd4 Bc5 16. f5 Bxf5 17. exf6 Qxf6 18. Be3 Nxd4 19. cxd4 Bd6 20. Bf3 Qe6 21. Qd2 Be4 22. Bxe4 Qxe4 23. Rfe1 Qh4 24. g3 Qg4 25. Qg2 Rf3 26. Bf2 Raf8 27. Re2 Qg6 28. Rae1 Bb4 29. Re6 Qf7 30. R1e2 Qf5 31. Qf1 a5 32. R6e5 Qd7 33. Qc1 Qf7 34. Qc2 h6 35. Kg2 Rd3 36. R5e3 Rxe3 37. Rxe3 Be7 38. Qe2 Bf6 39. Rf3 Qd7 40. h3 Re8 41. Re3 Rd8 42. Qc2 Bxd4 43. Rf3 Bxf2 44. Rxf2 Rf8 45. Rxf8+ Kxf8 46. Qf2+ Kg8 47. Qb6 d4 48. Qxa5 Qc6+ 49. Kf2 Qe4 50. Qd2 Qe5 51. Qe2 Qf6+ 52. Ke1 Qc6 53. Kd2 Qg6 54. Qxc4+ Kh7 55. Qd3 Qxd3+ 56. Kxd3 Kg6 57. Kxd4 Kf6 58. b4 g5 59. g4 Ke6 60. a5 Kd6 1-0

[Event "SLO-chT2 West"]
[Site "Postojna"]
[Date "2009.10.23"]
[Round "1.3"]
[White "Grum, Andrej"]
[Black "Veber, Bojan"]
[Result "0-1"]
[WhiteElo "1787"]
[BlackElo "2122"]
[PlyCount "88"]
[EventDate "2009.10.23"]
[EventType "team-tourn"]
[EventRounds "9"]
[EventCountry "SLO"]
[SourceTitle "EXT 2010"]
[Source "ChessBase"]
[SourceDate "2010.11.25"]
[SourceVersion "1"]
[SourceVersionDate "2010.11.25"]
[SourceQuality "1"]
[WhiteTeam "Trzin"]
[BlackTeam "Piran"]
[WhiteTeamCountry "SLO"]
[BlackTeamCountry "SLO"]

1. e4 d6 2. d4 Nf6 3. Nc3 g6 4. Bc4 Bg7 5. Nge2 Nxe4 6. Bxf7+ Kxf7 7. Nxe4 d5 8. Ng5+ Kg8 9. h3 Nc6 10. Nf3 h6 11. Bf4 g5 12. Be5 Nxe5 13. dxe5 c5 14. Ng3 Be6 15. Nh5 Bf8 16. Qd3 Bf7 17. g4 Qe8 18. 0-0-0 Rd8 19. Rhg1 Bg6 20. Qb3 Qc6 21. h4 a5 22. a4 Be8 23. Kb1 Qxa4 24. Qxa4 Bxa4 25. hxg5 Bb5 26. Nf4 hxg5 27. Nxg5 d4 28. Nfe6 Rc8 29. f4 Rh2 30. Ne4 b6 31. f5 Bc6 32. Nd2 Bd5 33. Nf4 Bb7 34. g5 c4 35. e6 c3 36. Nb3 cxb2 37. Nxd4 Be4 38. f6 Rcxc2 39. Nd3 Rc1+ 40. Rxc1 bxc1Q+ 41. Kxc1 Bxd3 42. Rd1 Be4 43. Re1 Bg6 44. Nc6 Rc2+ 0-1

[Event "Ljubljana-chT 62nd 1st League"]
[Site "Ljubljana"]
[Date "2009.02.05"]
[Round "5.2"]
[White "Vavpetic, Vide"]
[Black "Grum, Andrej"]
[Result "1-0"]
[WhiteElo "2243"]
[BlackElo "1816"]
[PlyCount "111"]
[EventDate "2009.01.08"]
[EventType "team-tourn"]
[EventRounds "9"]
[EventCountry "SLO"]
[SourceTitle "EXT 2022"]
[Source "ChessBase"]
[SourceDate "2021.10.06"]
[SourceVersion "1"]
[SourceVersionDate "2021.10.06"]
[SourceQuality "1"]
[WhiteTeam "Domzale SD"]
[BlackTeam "Trzin Buscotrade"]
[WhiteTeamCountry "SLO"]
[BlackTeamCountry "SLO"]

1. e4 c5 2. c3 e6 3. d4 d5 4. exd5 exd5 5. Nf3 Nc6 6. Be3 cxd4 7. Nxd4 Bd6 8. Nd2 Bd7 9. Be2 Nge7 10. N2f3 a6 11. 0-0 0-0 12. Re1 Nf5 13. Nxf5 Bxf5 14. Bg5 Qd7 15. Qd2 Bc5 16. Rad1 Be6 17. Be3 Bxe3 18. Qxe3 Qc7 19. Ng5 Rae8 20. Bd3 g6 21. Qc5 Qf4 22. Nf3 Qf6 23. Re3 Re7 24. Rde1 Rc8 25. Qb6 Rce8 26. Bxa6 Bg4 27. Rxe7 Rxe7 28. Rxe7 Qxe7 29. Qxb7 Qe6 30. Qb6 Bxf3 31. gxf3 Qe1+ 32. Kg2 Ne7 33. Qe3 Qxe3 34. fxe3 Kf8 35. Kf2 Ke8 36. Ke2 Kd8 37. b4 Kc7 38. a4 g5 39. Bd3 h6 40. Kf2 Nc6 41. f4 gxf4 42. exf4 d4 43. b5 Nd8 44. cxd4 Ne6 45. Ke3 Ng7 46. Ke4 Kd6 47. Bc4 f5+ 48. Ke3 Ne8 49. a5 Nf6 50. h3 Ne4 51. b6 Nf6 52. a6 Kc6 53. b7 Kc7 54. d5 Nd7 55. Kd4 Nb6 56. Bd3 1-0

[Event "SLO-chT2 West"]
[Site "Kranj"]
[Date "2008.10.11"]
[Round "1.2"]
[White "Juranic, Bruno"]
[Black "Grum, Andrej"]
[Result "1-0"]
[WhiteElo "2174"]
[BlackElo "1817"]
[PlyCount "49"]
[EventDate "2008.10.11"]
[EventType "team-swiss"]
[EventRounds "9"]
[EventCountry "SLO"]
[SourceTitle "EXT 2010"]
[Source "ChessBase"]
[SourceDate "2010.11.25"]
[SourceVersion "1"]
[SourceVersionDate "2010.11.25"]
[SourceQuality "1"]
[WhiteTeam "Stari Trg ob Kolpi"]
[BlackTeam "Trzin"]
[WhiteTeamCountry "SLO"]
[BlackTeamCountry "SLO"]

1. e4 c5 2. Nc3 e5 3. Bc4 Nf6 4. Nf3 d6 5. Ng5 Be6 6. Bxe6 fxe6 7. Nxe6 Qe7 8. Nd5 Nxd5 9. exd5 Na6 10. d3 h6 11. 0-0 Nc7 12. Qh5+ Kd7 13. Nxc7 Kxc7 14. f4 Qe8 15. Qf3 exf4 16. Bxf4 Be7 17. Rae1 Rf8 18. Qe3 Kd8 19. Qg3 g5 20. Bxd6 Rxf1+ 21. Rxf1 Kd7 22. Qg4+ Kxd6 23. Qe6+ Kc7 24. Rf7 Kd8 25. d6 1-0

[Event "Bled op Seniors 25th"]
[Site "Bled"]
[Date "2008.02.23"]
[Round "1"]
[White "Poropat, Marijan"]
[Black "Grum, Andrej"]
[Result "1-0"]
[WhiteElo "2126"]
[BlackElo "1766"]
[PlyCount "79"]
[EventDate "2008.02.23"]
[EventType "swiss"]
[EventRounds "9"]
[EventCountry "SLO"]
[SourceTitle "CBM 122 Extra"]
[Source "ChessBase"]
[SourceDate "2008.03.04"]
[SourceVersion "1"]
[SourceVersionDate "2008.03.04"]
[SourceQuality "1"]

1. c4 Nf6 2. g3 d5 3. cxd5 Nxd5 4. Bg2 e5 5. Nf3 Bd6 6. Nc3 Nxc3 7. bxc3 0-0 8. d3 Nd7 9. 0-0 c6 10. Qa4 Nb6 11. Qc2 Re8 12. a4 Bf5 13. e4 Bg6 14. Rb1 Qc7 15. Nh4 Rad8 16. f4 exf4 17. gxf4 Bh5 18. Kh1 g6 19. a5 Nd7 20. d4 Be7 21. Nf3 Bxf3 22. Bxf3 Nf6 23. Bg2 Bf8 24. f5 Nh5 25. e5 b5 26. axb6 axb6 27. e6 Re7 28. fxg6 fxg6 29. Bg5 c5 30. d5 Bg7 31. Bxe7 Qxe7 32. Rxb6 Be5 33. Qe4 Qg5 34. Qf3 Nf4 35. Rb7 Ra8 36. Rf7 Ra2 37. Rxf4 Bxf4 38. e7 Kf7 39. d6 Rd2 40. Qxf4+ 1-0